| 000 | 00358 a2200109 4500 | ||
|---|---|---|---|
| 001 | ART_2962 | ||
| 005 | 20260410161711.0 | ||
| 008 | 260409a | ||
| 245 | 1 | 0 | _aUna nterpretación de largo plazo del crecimiento industrial argentino |
| 100 | 1 | _aKatz, Jorge M. | |
| 773 | 0 |
_tDesarrollo económico _g- Vol. 8, Nº 32 (ene./mar. 1969) _wREV1174 |
|
| 999 |
_c16089 _d16089 |
||